|
|
|
|
| LEADER |
00000naa2a2200000 4500 |
| 001 |
152624 |
| 005 |
20231031151108.0 |
| 035 |
|
|
|a (RuTPU)RU\TPU\book\165480
|
| 090 |
|
|
|a 152624
|
| 100 |
|
|
|a 20090203d2008 k y0rusy50 ca
|
| 101 |
0 |
|
|a rus
|
| 102 |
|
|
|a RU
|
| 200 |
1 |
|
|a Исследование проблемы автоматизации контроля знаний дистанционных студентов по гуманитарным дисциплинам
|f Е. В. Молнина, Е. А. Косовец, К. О. Денисенко
|
| 461 |
|
1 |
|0 (RuTPU)RU\TPU\book\156858
|t Современные техника и технологии
|o 14 Международная научно-практическая конференция студентов, аспирантов и молодых ученых, г. Томск, 24-28 марта 2008 г.
|o труды
|o в 3 т.
|f Томский политехнический университет (ТПУ)
|d 2008
|
| 463 |
|
0 |
|0 (RuTPU)RU\TPU\book\155178
|t Т. 3
|v С. 235-238
|d 2008
|p 621 с.
|
| 610 |
1 |
|
|a знания
|
| 610 |
1 |
|
|a автоматизация
|
| 610 |
1 |
|
|a дистанционное обучение
|
| 610 |
1 |
|
|a студенты
|
| 610 |
1 |
|
|a гуманитарные предметы
|
| 610 |
1 |
|
|a гуманитарные дисциплины
|
| 610 |
1 |
|
|a контроль
|
| 610 |
1 |
|
|a оценка
|
| 610 |
1 |
|
|a комплексные системы
|
| 610 |
1 |
|
|a методы оценки
|
| 610 |
1 |
|
|a тестирование
|
| 610 |
1 |
|
|a комплексная оценка
|
| 610 |
1 |
|
|a труды учёных ТПУ
|
| 700 |
|
1 |
|a Молнина
|b Е. В.
|c специалист в области информационных систем
|c старший преподаватель Юргинского технологического института (филиала) Томского политехнического университета
|f 1967-
|g Елена Владимировна
|2 stltpush
|3 (RuTPU)RU\TPU\pers\24247
|
| 701 |
|
1 |
|a Косовец
|b Е. А.
|
| 701 |
|
1 |
|a Денисенко
|b К. О.
|
| 801 |
|
1 |
|a RU
|b 63413507
|c 20090203
|g PSBO
|
| 801 |
|
2 |
|a RU
|b 63413507
|c 20151207
|g RCR
|
| 942 |
|
|
|c BK
|